| 000 | 00528nam a2200205Ia 4500 | ||
|---|---|---|---|
| 008 | 170918s9999 xx 000 0 und d | ||
| 020 | _a9780439538213 | ||
| 050 | _bB112 2004 | ||
| 100 | _aBabbitt, Natalie | ||
| 245 | 2 | _aA reading guide to tuck everlasting by Natalie Babbitt / | |
| 245 | _cHannah Mitchell. | ||
| 260 | _aNew York : | ||
| 260 | _bScholastic, | ||
| 260 | _c2004 | ||
| 300 | _a60 pages : | ||
| 300 | _bcolored illustration ; | ||
| 300 | _c21cm. | ||
| 440 | _aScholastic book files. | ||
| 500 | _a770 | ||
| 999 |
_c341930 _d341930 |
||